000 00418nam a2200157Ia 4500
008 240729s9999 xx 000 0 und d
022 _a2414-6994
245 0 _aAAOU Journal
260 _aUnited Kingdom
260 _bEmerald Publishing
650 _a Theory and practice of education
650 _aEducation
856 _uhttps://doaj.org/toc/0c859125fe6d4f6ab67037ce91486a3a
942 _2ddc
942 _cDOAJEJ
999 _c66574
_d66574
945 _a1
_bMadushi Gamage
_c1
_dMadushi Gamage